| 000 | 00381nam a2200145Ia 4500 | ||
|---|---|---|---|
| 003 | SISC | ||
| 005 | 20180213160131.0 | ||
| 008 | 180205s9999 xx 000 0 und d | ||
| 020 | _a9718170049 | ||
| 100 | _aAtienza, Theresita | ||
| 245 | _aBiology a modular approach / | ||
| 260 |
_aManila, Philippines _bbooklore publishing house _c1999 |
||
| 300 | _a90 pages | ||
| 942 |
_2lcc _cBK |
||
| 999 |
_c354860 _d354860 |
||